000 00590nam a2200229Ia 4500
003 OSt
005 20221005121634.0
006 a|||||r|||| 00| 0
007 ta
008 221004b |||||||| |||| 00| 0 eng d
024 _a56897
037 _cTextual
040 _aCRL
_cCRL
_beng
041 _2eng
_aeng
082 _aV2:1:L9, G4
100 _aFrancklin W
_999369
245 0 _aHistory of the reign of Shah-Aulum the Emperor of Hindustan, etc.
260 _c1934
650 _aHISTORY
942 _hV2:1:L9, G4
_cTEXL
_2cc
999 _c1041799
_d1041799